000 00959namaa2200277 a 4500
001 vtls000936963
003 NLI
005 20210627091039.0
008 110929s1993 ii 000 0 eng
039 9 _y201109292059
_zEntertech_02
040 _aNLI
_beng
_cEntertech-2011
_eAACR2
044 _aii
082 0 4 _a050.95400838
245 0 0 _aGuide to Indian periodical literature :
_bsocial science and humanities /
_cedited by Vijay Kumar Jain ; compiled by Syed Mohammed Ali and Har Saran Sharma
260 _aGurgaon :
_bIndian Documentation Service,
_c1993
300 _a-v ;
_c27 cm.
650 0 _aGeneral serials
_9882894
700 1 _aSharma, Har Saran,
_4com
_9882895
700 1 _aAli, Syed Mohammed,
_4com
_9780343
887 _a
901 _aPP68841 :
_b14.11.1996
_9v.28
901 _aPP69163 :
_b11.11.1997
_9v.29
901 _aPP69199 :
_b23.12.1997
_9v.30
902 _aR.R. 050.95400838 G 941
999 _aVIRTUA
_c762002
_d762002
942 _2ddc
_cBKS